000 00798nam a2200229 4500
001 118743
003 ES-MaACL
005 20251015063122.0
007 t|
008 070214s1973 sp r ||||1| spa d
100 1 _aPiaget, Jean,
_d1896-1980
_991738
245 1 4 _aLas explicaciones causales /
_cJean Piaget ; con la colaboración de R. García ; [traducción de Elena R. Póliza ; revisión de: Horacio González Trejo].
250 _a1ª ed.
260 _aBarcelona :
_bBarral,
_c1973.
300 _a233 p. ;
_c20 cm.
490 1 _aBreve biblioteca de respuesta ;
_v64
700 1 _aPóliza, R.
_992836
700 1 _aGonzález Trejo, Horacio.
_958988
830 0 _aBreve biblioteca de respuesta
_v64
_9183536
852 _aES-MaACL
_jC-52570
_bR.85466
999 _c118743
_d118743